[Event "Caribbean-ch U16"]
[Site "San Salvador"]
[Date "2021.11.27"]
[Round "6"]
[White "Gonzalez Torres, Raquel Sofia"]
[Black "Rodriguez, Yanci Andrea"]
[Result "0-1"]
[WhiteElo "1024"]
[BlackElo "1254"]
[PlyCount "80"]
[EventDate "2021.11.27"]
[EventType "swiss"]
[EventRounds "9"]
[EventCountry "ESA"]
[SourceTitle "EXT 2023"]
[Source "ChessBase"]
[SourceDate "2022.10.05"]
[SourceVersion "1"]
[SourceVersionDate "2022.10.05"]
[SourceQuality "1"]
[WhiteTeam "Costa Rica"]
[BlackTeam "El Salvador"]
[WhiteTeamCountry "CRI"]
[BlackTeamCountry "ESA"]

1. e4 c5 2. Nc3 Nc6 3. Bc4 g6 4. Nf3 Bg7 5. d3 e6 6. Bg5 Nge7 7. Bb3 h6 8. Bh4 0-0 9. Qd2 Na5 10. Ba4 a6 11. Bb3 Nxb3 12. axb3 Re8 13. 0-0 d5 14. e5 Qc7 15. Bg3 Nf5 16. Rae1 Nxg3 17. fxg3 b5 18. h4 h5 19. Qf4 Rf8 20. d4 f6 21. Qd2 fxe5 22. dxe5 Bb7 23. Qg5 Kh7 24. Qd2 Kg8 25. Nd1 c4 26. Nf2 Rad8 27. Nh3 Qd7 28. Qg5 Kh7 29. Nf4 Qf7 30. Nxg6 Qxg6 31. Qxg6+ Kxg6 32. b4 Rd7 33. Nd4 Rxf1+ 34. Kxf1 Rf7+ 35. Kg1 Bc8 36. c3 Bh6 37. Kh2 Rf2 38. b3 Bd2 39. Re2 Rxe2 40. Nxe2 cxb3 0-1